| 000 | 00371nam a2200145Ia 4500 | ||
|---|---|---|---|
| 008 | 230917s9999||||xx |||||||||||||| ||und|| | ||
| 040 |
_e30440 _aMAIN |
||
| 041 | _aEnglish | ||
| 082 | _a301.0973 H785D | ||
| 100 | _aHorowitz, Irving Louis | ||
| 245 | 0 | _aDecomposition of sociology | |
| 260 |
_aOxford _bOxford University Press _c1993 |
||
| 300 | _a282 p. | ||
| 942 | _cBK | ||
| 999 |
_c100627 _d100627 |
||